LEADER 01288nam a22002895i 4500 001 991002197999707536 007 cr nn 008mamaa 008 121227s1984 gw | s |||| 0|eng d 020 $a9783540387985 035 $ab1413651x-39ule_inst 040 $aBibl. Dip.le Aggr. Matematica e Fisica - Sez. Matematica$beng 245 00$aQuantum probability and applications to the quantum theory of irreversible processes$h[e-book] :$bproceedings of the international workshop held at Villa Mondragone, Italy, September 6?11, 1982 /$cedited by Luigi Accardi, Alberto Frigerio, Vittorio Gorini 260 $aBerlin :$bSpringer,$c1984 300 $a1 online resource (vii, 412 p.) 440 0$aLecture Notes in Mathematics,$x0075-8434 ;$v1055 650 0$aPhysics 650 0$aStatistical physics 700 1 $aAccardi, Luigi 700 1 $aFrigerio, Alberto 700 1 $aGorini, Vittorio 773 0 $aSpringer eBooks 856 40$uhttp://dx.doi.org/10.1007/BFb0071705$zAn electronic book accessible through the World Wide Web 907 $a.b1413651x$b03-03-22$c05-09-13 912 $a991002197999707536 996 $aQuantum probability and applications to the quantum theory of irreversible processes$980005 997 $aUNISALENTO 998 $ale013$b05-09-13$cm$d@ $e-$feng$ggw $h0$i0 LEADER 03714nam 22006135 450 001 9910484950203321 005 20250822160227.0 010 $a3-030-68014-2 024 7 $a10.1007/978-3-030-68014-5 035 $a(CKB)4100000011746942 035 $a(DE-He213)978-3-030-68014-5 035 $a(MiAaPQ)EBC6469858 035 $a(PPN)253856663 035 $a(EXLCZ)994100000011746942 100 $a20210204d2021 u| 0 101 0 $aeng 135 $aurnn|008mamaa 181 $ctxt$2rdacontent 182 $cc$2rdamedia 183 $acr$2rdacarrier 200 10$aAdvanced Manufacturing Processes II $eSelected Papers from the 2nd Grabchenko?s International Conference on Advanced Manufacturing Processes (InterPartner-2020), September 8-11, 2020, Odessa, Ukraine /$fedited by Volodymyr Tonkonogyi, Vitalii Ivanov, Justyna Trojanowska, Gennadii Oborskyi, Anatolii Grabchenko, Ivan Pavlenko, Milan Edl, Ivan Kuric, Predrag Dasic 205 $a1st ed. 2021. 210 1$aCham :$cSpringer International Publishing :$cImprint: Springer,$d2021. 215 $a1 online resource (XXIII, 856 p. 476 illus., 260 illus. in color.) 225 1 $aLecture Notes in Mechanical Engineering,$x2195-4364 311 08$a3-030-68013-4 327 $aIntelligent Predictive Decision Support System for the Maintenance Service Provider -- Readiness to Use Augmented Reality Solutions in Small and Medium Enterprises in Poland: A Survey -- Production Line Balancing in a Mixed-Model Production System: A Case Study. 330 $aThis book offers a timely yet comprehensive snapshot of innovative research and developments at the interface between manufacturing, materials and mechanical engineering, and quality assurance. It covers a wide range of manufacturing processes, such as cutting, grinding, assembly, and coatings, including ultrasonic treatment, molding, radial-isostatic compression, ionic-plasma deposition, volumetric vibration treatment, and wear resistance. It also highlights the advantages of augmented reality, RFID technology, reverse engineering, optimization, heat and mass transfer, energy management, quality inspection, and environmental impact. Based on selected papers presented at the Grabchenko?s International Conference on Advanced Manufacturing Processes (InterPartner-2020), held in Odessa, Ukraine, on September 8?11, 2020, this book offers a timely overview and extensive information on trends and technologies in production planning, design engineering, advanced materials, machining processes, process engineering, and quality assurance. It is also intended to facilitate communication and collaboration between different groups working on similar topics and offer a bridge between academic and industrial researchers. 410 0$aLecture Notes in Mechanical Engineering,$x2195-4364 606 $aManufactures 606 $aComposite materials 606 $aEngineering design 606 $aComputer-aided engineering 606 $aMachines, Tools, Processes 606 $aComposites 606 $aEngineering Design 606 $aComputer-Aided Engineering (CAD, CAE) and Design 615 0$aManufactures. 615 0$aComposite materials. 615 0$aEngineering design. 615 0$aComputer-aided engineering. 615 14$aMachines, Tools, Processes. 615 24$aComposites. 615 24$aEngineering Design. 615 24$aComputer-Aided Engineering (CAD, CAE) and Design. 676 $a303.483 702 $aTonkonogyi$b Volodymyr 801 0$bMiAaPQ 801 1$bMiAaPQ 801 2$bMiAaPQ 906 $aBOOK 912 $a9910484950203321 996 $aAdvanced Manufacturing Processes II$92821386 997 $aUNINA